000 01188nam a2200229Ia 4500
001 L301-55910
003 IT-CnALBA
008 170116s9999||||xx |||||||||||||| ||und||
040 _aIT-CnALBA
_cIT-CnALBA
041 _aITALIANO
100 _aGIACOSA DANTE
245 0 _aI MIEI 40 ANNI DI PROGETTAZIONE ALLA FIAT.
250 _a1a ed.
260 _aMILANO
_bAUTOMOBILIA ED.
_c1979 [1° Ed.:1979 - Ed.Ling.Originale: 1979]
300 _a312 p.
500 _aFIAT. PROGETTATORE. PRIMI ANNI DI LAVORO. IL PROGETTO "ZERO A" TOPOLINO. LA 2800 E LA 700. LE SPERIMENTALI 1300-1900 E 400. TOPOLINO ELETTRICA. MORTE DI GIOVANNI AGNELLI. VICENDE DI VALLETTA. EVOLUZIONE MODELLI NATI PRIMA DELLA GUERRA. NUOVA 1100. IL PROG
501 _aSocietà San Paolo EM - Piazza San Paolo, 14 - 12051 ALBA (CN) (non commercial uses only) ® Copyright 2017
520 _aFIAT. PROGETTATORE. PRIMI ANNI DI LAVORO. IL PROGETTO "ZERO A" TOPOLINO. LA 2800 E LA 700. LE SPERIMENTALI 1300-1900 E 400. TOPOLINO ELETTRICA. MORTE DI GIOVANNI AGNELLI. VICENDE DI VALLETTA. EVOLUZIONE MODELLI NATI PRIMA DELLA GUERRA. NUOVA 1100. IL PROG
650 _aSCIENZE SOCIALI
942 _cBK
957 _71
999 _a73410
_bNO
_g Copie: 1
_c314746
_d314746